[Event "7. Arber-Senioren-Cup 2019"]
[Site "Bodenmais"]
[Date "2019.07.28"]
[Round "2.24"]
[White "Sagner, Guenter"]
[Black "Bock, Ortwin"]
[Result "0-1"]
[WhiteElo "1696"]
[BlackElo "1938"]
[Annotator "NA RC"]
[PlyCount "70"]
[EventDate "2019.07.27"]
[EventType "swiss"]
[EventCountry "GER"]
[SourceTitle "playchess.com"]
[Source "ChessBase"]
[SourceQuality "1"]
[TimeControl "5400+30"]

1. d4 {[%emt 0:00:00]} Nf6 {[%emt 0:00:00]} 2. c4 {[%emt 0:00:00]} e5 {[%emt 0:00:00]} 3. dxe5 {[%emt 0:00:00]} Ng4 {[%emt 0:00:00]} 4. Nc3 {[%emt 0:00:00]} Bc5 {[%emt 0:00:00]} 5. e3 {[%emt 0:00:00]} Nxe5 {[%emt 0:00:00]} 6. Nf3 {[%emt 0:00:00]} Nbc6 {[%emt 0:00:00]} 7. Be2 {[%emt 0:00:00]} Bb4 {[%emt 0:00:00]} 8. Nxe5 {[%emt 0:00:00]} Bxc3+ {[%emt 0:00:00]} 9. bxc3 {[%emt 0:00:00]} Nxe5 {[%emt 0:00:00]} 10. Qd4 {[%emt 0:00:00]} d6 {[%emt 0:00:00]} 11. f4 {[%emt 0:00:00]} c5 {[%emt 0:00:00]} 12. Qe4 {[%emt 0:00:00]} f5 {[%emt 0:00:00]} 13. Qd5 {[%emt 0:00:00]} Nf7 {[%emt 0:00:00]} 14. O-O {[%emt 0:06:08]} Qf6 {[%emt 0:01:03]} 15. Bd2 {[%emt 0:00:42]} O-O {[%emt 0:01:10]} 16. Bf3 {[%emt 0:01:27]} Rb8 {[%emt 0:06:18]} 17. Rab1 {[%emt 0:03:36]} b6 {[%emt 0:04:20]} 18. a4 {[%emt 0:04:54]} Bb7 {[%emt 0:03:48]} 19. Qd3 {[%emt 0:03:17]} Bxf3 {[%emt 0:01:10]} 20. gxf3 {[%emt 0:01:18]} Qe6 {[%emt 0:01:49]} 21. e4 {[%emt 0:00:55]} fxe4 {[%emt 0:03:33]} 22. fxe4 {[%emt 0:01:25]} Rbe8 {[%emt 0:06:01]} 23. Rbe1 {[%emt 0:02:30]} Kh8 {[%emt 0:12:36]} 24. Kh1 {[%emt 0:02:05]} g5 {[%emt 0:11:23]} 25. fxg5 {[%emt 0:01:12]} Ne5 {[%emt 0:01:18]} 26. Qg3 {[%emt 0:05:38]} Qxc4 {[%emt 0:07:28]} 27. Rf6 {[%emt 0:08:27]} Rxf6 {[%emt 0:02:32]} 28. gxf6 {[%emt 0:03:05]} Rg8 {[%emt 0:00:07]} 29. Qh3 {[%emt 0:04:12]} Ng4 {[%emt 0:06:43]} 30. Qf3 {[%emt 0:03:43]} Qf7 {[%emt 0:04:27]} 31. Rf1 {[%emt 0:01:35]} Rg6 {[%emt 0:05:16]} 32. c4 {[%emt 0:00:46]} Ne5 {[%emt 0:03:31]} 33. Qf5 {[%emt 0:03:49]} Ng4 {[%emt 0:02:50]} 34. Rg1 {[%emt 0:01:44]} Qxc4 {[%emt 0:09:08]} 35. f7 {[%emt 0:06:00]} Qxe4+ {[%emt 0:00:31]} 0-1

[Event "7. Arber-Senioren-Cup 2019"]
[Site "Bodenmais"]
[Date "2019.07.28"]
[Round "2.25"]
[White "Schmid, Johann"]
[Black "Voeller, Lothar"]
[Result "1-0"]
[WhiteElo "1842"]
[BlackElo "1666"]
[Annotator "NA RC"]
[PlyCount "97"]
[EventDate "2019.07.27"]
[EventType "swiss"]
[EventCountry "GER"]
[SourceTitle "playchess.com"]
[Source "ChessBase"]
[SourceQuality "1"]
[TimeControl "5400+30"]

1. d4 {[%emt 0:00:00]} d5 {[%emt 0:00:00]} 2. Nf3 {[%emt 0:00:00]} Nf6 {[%emt 0:00:00]} 3. Bf4 {[%emt 0:00:00]} c6 {[%emt 0:00:00]} 4. c3 {[%emt 0:00:00]} Bf5 {[%emt 0:00:00]} 5. e3 {[%emt 0:00:00]} e6 {[%emt 0:00:00]} 6. Nbd2 {[%emt 0:00:00]} Be7 {[%emt 0:00:00]} 7. h3 {[%emt 0:00:00]} O-O {[%emt 0:00:00]} 8. Nh4 {[%emt 0:00:00]} Bg6 {[%emt 0:00:00]} 9. Nxg6 {[%emt 0:00:00]} hxg6 10. Nf3 Nbd7 {[%emt 0:00:00]} 11. Bd3 {[%emt 0:00:00]} c5 {[%emt 0:00:00]} 12. Qe2 {[%emt 0:00:00]} Rc8 {[%emt 0:00:00]} 13. Bh2 {[%emt 0:00:00]} a6 {[%emt 0:00:00]} 14. a4 {[%emt 0:00:00]} cxd4 {[%emt 0:00:00]} 15. exd4 {[%emt 0:03:06]} Qa5 {[%emt 0:00:00]} 16. O-O {[%emt 0:01:45]} Qb6 {[%emt 0:00:00]} 17. Rfe1 {[%emt 0:05:01]} Bd6 {[%emt 0:00:00]} 18. Bxd6 {[%emt 0:09:14]} Qxd6 19. Ne5 Nh5 {[%emt 0:11:20]} 20. Qg4 {[%emt 0:06:45]} Ndf6 {[%emt 0:08:40]} 21. Qf3 {[%emt 0:07:14]} g5 {[%emt 0:10:54]} 22. g3 {[%emt 0:06:14]} g6 {[%emt 0:10:16]} 23. Qe3 {[%emt 0:16:24]} Nh7 {[%emt 0:11:00]} 24. Kg2 {[%emt 0:01:11]} Ng7 {[%emt 0:02:41]} 25. g4 {[%emt 0:03:11]} Qe7 {[%emt 0:07:14]} 26. Rh1 {[%emt 0:05:37]} Qf6 {[%emt 0:04:08]} 27. Nd7 {[%emt 0:02:19]} Qf4 {[%emt 0:00:15]} 28. Nxf8 {[%emt 0:01:23]} Nxf8 {[%emt 0:03:24]} 29. Rae1 {[%emt 0:02:18]} Nd7 {[%emt 0:05:46]} 30. a5 {[%emt 0:05:52]} Qc7 {[%emt 0:07:06]} 31. Ra1 {[%emt 0:02:18]} Qf4 {[%emt 0:01:08]} 32. Rhe1 {[%emt 0:01:20]} f5 {[%emt 0:00:35]} 33. Qxf4 {[%emt 0:04:36]} gxf4 34. f3 fxg4 {[%emt 0:04:31]} 35. Bxg6 {[%emt 0:02:32]} gxh3+ {[%emt 0:03:33]} 36. Kxh3 {[%emt 0:00:09]} Rf8 {[%emt 0:00:56]} 37. Re2 {[%emt 0:04:30]} Rf6 {[%emt 0:01:08]} 38. Rg1 {[%emt 0:00:17]} Kf8 {[%emt 0:01:34]} 39. Rg4 {[%emt 0:02:29]} b6 {[%emt 0:02:07]} 40. b4 {[%emt 0:01:40]} bxa5 {[%emt 0:00:31]} 41. bxa5 {[%emt 0:01:18]} Nb8 42. Rb2 Nc6 {[%emt 0:05:28]} 43. Rb6 Nxa5 44. Rxa6 {[%emt 0:02:23]} Nc4 {[%emt 0:01:13]} 45. Ra8+ {[%emt 0:00:32]} Ke7 {[%emt 0:00:26]} 46. Ra7+ {[%emt 0:02:24]} Kf8 {[%emt 0:00:21]} 47. Rh4 {[%emt 0:00:21]} Kg8 {[%emt 0:04:11]} 48. Ra8+ {[%emt 0:00:11]} Rf8 {[%emt 0:00:23]} 49. Rh8+ {[%emt 0:00:06]} 1-0

[Event "7. Arber-Senioren-Cup 2019"]
[Site "Bodenmais"]
[Date "2019.07.28"]
[Round "2.26"]
[White "Busch, Joerg"]
[Black "Riess, Michael"]
[Result "1/2-1/2"]
[WhiteElo "1851"]
[BlackElo "1686"]
[Annotator "NA RC"]
[PlyCount "118"]
[EventDate "2019.07.27"]
[EventType "swiss"]
[EventCountry "GER"]
[SourceTitle "playchess.com"]
[Source "ChessBase"]
[SourceQuality "1"]
[TimeControl "5400+30"]

1. e4 {[%emt 0:00:00]} d5 {[%emt 0:00:00]} 2. exd5 {[%emt 0:00:00]} Nf6 {[%emt 0:00:00]} 3. d4 {[%emt 0:00:00]} Nxd5 {[%emt 0:00:00]} 4. c4 {[%emt 0:00:00]} Nb4 {[%emt 0:00:00]} 5. a3 {[%emt 0:00:00]} N4c6 {[%emt 0:00:00]} 6. d5 {[%emt 0:00:00]} Ne5 {[%emt 0:00:00]} 7. Bf4 {[%emt 0:00:00]} Ng6 {[%emt 0:00:00]} 8. Bg3 {[%emt 0:00:00]} e5 {[%emt 0:00:00]} 9. Nc3 {[%emt 0:00:00]} a6 {[%emt 0:00:00]} 10. Nf3 {[%emt 0:00:00]} Bg4 {[%emt 0:00:00]} 11. Be2 {[%emt 0:00:00]} Bxf3 {[%emt 0:00:00]} 12. Bxf3 {[%emt 0:00:00]} Nd7 {[%emt 0:00:00]} 13. Be4 {[%emt 0:00:00]} Be7 {[%emt 0:00:00]} 14. b4 {[%emt 0:00:00]} Rb8 {[%emt 0:00:00]} 15. f3 {[%emt 0:00:00]} Bh4 {[%emt 0:00:00]} 16. Bxh4 {[%emt 0:00:00]} Qxh4+ {[%emt 0:00:00]} 17. g3 {[%emt 0:00:00]} Qh6 {[%emt 0:00:00]} 18. Qd2 {[%emt 0:03:24]} Qxd2+ {[%emt 0:00:00]} 19. Kxd2 {[%emt 0:00:12]} O-O {[%emt 0:00:00]} 20. Bf5 {[%emt 0:01:06]} Nf6 {[%emt 0:00:00]} 21. Rhe1 {[%emt 0:01:38]} Rfe8 {[%emt 0:00:00]} 22. Re2 {[%emt 0:00:53]} Re7 {[%emt 0:00:00]} 23. Rae1 {[%emt 0:00:16]} Rbe8 {[%emt 0:00:00]} 24. Bc2 {[%emt 0:01:19]} Kf8 {[%emt 0:00:00]} 25. Ba4 {[%emt 0:02:50]} Rd8 {[%emt 0:00:00]} 26. Kc1 {[%emt 0:00:56]} Nd7 {[%emt 0:00:20]} 27. Ne4 {[%emt 0:04:52]} Nb6 {[%emt 0:02:09]} 28. Bb3 {[%emt 0:00:13]} Nd7 {[%emt 0:01:34]} 29. Kb2 {[%emt 0:02:22]} b6 {[%emt 0:02:23]} 30. Bc2 {[%emt 0:02:53]} f6 {[%emt 0:04:14]} 31. h4 {[%emt 0:02:26]} Nh8 {[%emt 0:00:56]} 32. g4 {[%emt 0:02:14]} Nf7 {[%emt 0:00:58]} 33. Ng3 {[%emt 0:01:56]} g6 {[%emt 0:01:05]} 34. Kc3 {[%emt 0:02:53]} Nd6 {[%emt 0:01:28]} 35. Bd3 {[%emt 0:09:37]} Rde8 {[%emt 0:02:29]} 36. a4 {[%emt 0:01:55]} a5 {[%emt 0:02:05]} 37. bxa5 {[%emt 0:01:38]} bxa5 {[%emt 0:00:13]} 38. Rb2 {[%emt 0:00:49]} Nc5 {[%emt 0:01:32]} 39. Bc2 {[%emt 0:00:33]} e4 {[%emt 0:12:20]} 40. fxe4 {[%emt 0:06:30]} Ndxe4+ {[%emt 0:01:01]} 41. Nxe4 {[%emt 0:00:20]} Nxe4+ {[%emt 0:04:38]} 42. Kd4 {[%emt 0:07:21]} c5+ {[%emt 0:05:26]} 43. dxc6 {[%emt 0:02:28]} Rd8+ {[%emt 0:00:29]} 44. Ke3 {[%emt 0:00:57]} Nd6+ {[%emt 0:02:50]} 45. Kf2 {[%emt 0:00:46]} Rxe1 {[%emt 0:01:43]} 46. Kxe1 {[%emt 0:00:28]} Rc8 {[%emt 0:00:29]} 47. Rb6 {[%emt 0:05:49]} Nxc4 {[%emt 0:05:27]} 48. Ra6 {[%emt 0:00:28]} Re8+ {[%emt 0:02:15]} 49. Kf2 {[%emt 0:06:08]} Ne3 {[%emt 0:05:06]} 50. Bb1 {[%emt 0:03:35]} Nxg4+ {[%emt 0:00:54]} 51. Kg3 {[%emt 0:01:45]} f5 {[%emt 0:01:52]} 52. Ra7 {[%emt 0:03:22]} Ne5 {[%emt 0:07:01]} 53. c7 {[%emt 0:01:29]} Rc8 {[%emt 0:02:37]} 54. Rxa5 {[%emt 0:02:53]} Nc6 {[%emt 0:01:27]} 55. Rc5 {[%emt 0:00:38]} Rxc7 {[%emt 0:01:16]} 56. Bd3 {[%emt 0:01:54]} Ke7 {[%emt 0:01:07]} 57. Bb5 {[%emt 0:02:01]} Kd6 {[%emt 0:01:30]} 58. Rc1 {[%emt 0:00:44]} Nd4 {[%emt 0:03:26]} 59. Rd1 {[%emt 0:00:24]} Ke5 {[%emt 0:01:25]} 1/2-1/2

[Event "7. Arber-Senioren-Cup 2019"]
[Site "Bodenmais"]
[Date "2019.07.28"]
[Round "2.27"]
[White "Bauer, Werner"]
[Black "Yon, Gregory"]
[Result "1-0"]
[WhiteElo "1881"]
[BlackElo "1658"]
[Annotator "NA RC"]
[PlyCount "109"]
[EventDate "2019.07.27"]
[EventType "swiss"]
[EventCountry "GER"]
[SourceTitle "playchess.com"]
[Source "ChessBase"]
[SourceQuality "1"]
[TimeControl "5400+30"]

1. Nf3 {[%emt 0:00:00]} f5 {[%emt 0:00:00]} 2. d3 {[%emt 0:00:00]} Nf6 {[%emt 0:00:00]} 3. e4 {[%emt 0:00:00]} d6 {[%emt 0:00:00]} 4. exf5 {[%emt 0:00:00]} Bxf5 {[%emt 0:00:00]} 5. d4 {[%emt 0:00:00]} Nbd7 {[%emt 0:00:00]} 6. Bd3 {[%emt 0:00:00]} e6 {[%emt 0:00:00]} 7. O-O {[%emt 0:00:00]} Be7 {[%emt 0:00:00]} 8. Ng5 {[%emt 0:00:00]} Nf8 {[%emt 0:00:00]} 9. Re1 {[%emt 0:00:00]} Qd7 {[%emt 0:00:00]} 10. Bxf5 {[%emt 0:02:42]} exf5 {[%emt 0:00:00]} 11. Qe2 {[%emt 0:00:35]} h6 {[%emt 0:00:00]} 12. Nh3 {[%emt 0:02:24]} g5 {[%emt 0:00:00]} 13. Nc3 {[%emt 0:07:40]} Rh7 {[%emt 0:00:00]} 14. d5 {[%emt 0:02:31]} O-O-O {[%emt 0:00:00]} 15. Be3 {[%emt 0:01:10]} Kb8 {[%emt 0:00:00]} 16. Bd4 {[%emt 0:00:17]} Ng4 {[%emt 0:00:00]} 17. f3 {[%emt 0:04:12]} Bf6 {[%emt 0:00:00]} 18. Bxa7+ {[%emt 0:02:35]} Kxa7 {[%emt 0:00:00]} 19. fxg4 {[%emt 0:01:53]} Bd4+ {[%emt 0:02:09]} 20. Nf2 {[%emt 0:05:17]} Bb6 {[%emt 0:03:56]} 21. a4 {[%emt 0:06:32]} fxg4 {[%emt 0:03:54]} 22. a5 {[%emt 0:05:03]} Bc5 {[%emt 0:00:16]} 23. Na4 {[%emt 0:03:14]} g3 {[%emt 0:05:01]} 24. hxg3 {[%emt 0:01:17]} Rf7 {[%emt 0:00:14]} 25. Nxc5 {[%emt 0:01:11]} dxc5 {[%emt 0:00:09]} 26. c4 {[%emt 0:01:55]} Qf5 {[%emt 0:03:33]} 27. Qe3 {[%emt 0:02:38]} Nd7 {[%emt 0:03:41]} 28. Nd3 {[%emt 0:04:36]} Rdf8 {[%emt 0:09:22]} 29. Nxc5 Nxc5 {[%emt 0:06:09]} 30. Qxc5+ {[%emt 0:02:35]} Kb8 {[%emt 0:00:34]} 31. a6 {[%emt 0:07:25]} Qf2+ {[%emt 0:00:53]} 32. Qxf2 {[%emt 0:00:14]} Rxf2 {[%emt 0:00:19]} 33. axb7 {[%emt 0:04:50]} Kxb7 {[%emt 0:00:15]} 34. Rf1 {[%emt 0:00:31]} R2f6 {[%emt 0:00:52]} 35. Rxf6 {[%emt 0:10:23]} Rxf6 {[%emt 0:00:27]} 36. c5 {[%emt 0:00:14]} Rf7 {[%emt 0:03:19]} 37. Re1 {[%emt 0:00:48]} g4 {[%emt 0:09:52]} 38. Re4 {[%emt 0:05:54]} h5 {[%emt 0:01:57]} 39. Re5 {[%emt 0:02:05]} Rh7 {[%emt 0:00:33]} 40. Kf2 {[%emt 0:00:55]} Ka6 {[%emt 0:01:04]} 41. Ke3 {[%emt 0:01:11]} Kb5 {[%emt 0:00:11]} 42. Kd4 {[%emt 0:00:25]} h4 {[%emt 0:00:40]} 43. gxh4 {[%emt 0:01:49]} Rxh4 {[%emt 0:00:09]} 44. Re4 {[%emt 0:00:59]} Rh1 {[%emt 0:02:07]} 45. Rxg4 {[%emt 0:00:23]} Rd1+ {[%emt 0:00:11]} 46. Ke5 {[%emt 0:00:37]} Kxc5 {[%emt 0:00:17]} 47. b4+ {[%emt 0:01:33]} Kb5 {[%emt 0:00:34]} 48. Re4 {[%emt 0:00:18]} Rg1 {[%emt 0:01:54]} 49. g4 {[%emt 0:00:01]} c5 {[%emt 0:05:31]} 50. d6 {[%emt 0:05:34]} Rd1 {[%emt 0:01:22]} 51. Ke6 {[%emt 0:03:37]} Kc6 {[%emt 0:00:46]} 52. bxc5 {[%emt 0:00:17]} Kxc5 {[%emt 0:00:53]} 53. d7 {[%emt 0:00:10]} Rd6+ {[%emt 0:02:12]} 54. Ke7 {[%emt 0:00:13]} Kd5 {[%emt 0:01:05]} 55. Rd4+ {[%emt 0:00:23]} 1-0

[Event "7. Arber-Senioren-Cup 2019"]
[Site "Bodenmais"]
[Date "2019.07.29"]
[Round "3.1"]
[White "Blechzin, Igor"]
[Black "Hamlack, Heinz"]
[Result "1-0"]
[WhiteElo "2221"]
[BlackElo "1986"]
[Annotator "ChessBase"]
[PlyCount "61"]
[EventDate "2019.07.27"]
[EventType "swiss"]
[EventCountry "GER"]
[SourceTitle "playchess.com"]
[Source "ChessBase"]
[SourceQuality "1"]
[TimeControl "5400+30"]

1. c4 {[%emt 0:00:00]} Nf6 {[%emt 0:00:00]} 2. Nc3 {[%emt 0:00:00]} e6 {[%emt 0:00:00]} 3. e4 {[%emt 0:00:00]} Nc6 {[%emt 0:00:00]} 4. d4 {[%emt 0:00:00]} Bb4 {[%emt 0:00:00]} 5. e5 {[%emt 0:00:00]} Ne4 {[%emt 0:00:00]} 6. Nge2 {[%emt 0:00:00]} d6 {[%emt 0:00:00]} 7. exd6 {[%emt 0:00:00]} Nxd6 {[%emt 0:00:00]} 8. a3 {[%emt 0:00:00]} Bxc3+ {[%emt 0:00:00]} 9. Nxc3 {[%emt 0:00:00]} O-O {[%emt 0:00:00]} 10. d5 {[%emt 0:01:00]} exd5 {[%emt 0:01:20]} 11. cxd5 {[%emt 0:00:09]} Re8+ {[%emt 0:04:19]} 12. Be2 {[%emt 0:00:50]} Ne5 {[%emt 0:00:13]} 13. O-O {[%emt 0:00:15]} a6 {[%emt 0:10:49]} 14. Qd4 {[%emt 0:11:00]} b6 {[%emt 0:13:50]} 15. Bf4 {[%emt 0:06:13]} Nf5 {[%emt 0:06:29]} 16. Qd2 {[%emt 0:04:22]} Nd6 {[%emt 0:04:27]} 17. Rfe1 {[%emt 0:05:47]} Bf5 {[%emt 0:03:49]} 18. Bxa6 {[%emt 0:08:08]} Nf3+ {[%emt 0:09:24]} 19. gxf3 {[%emt 0:00:13]} Rxa6 {[%emt 0:00:04]} 20. Bxd6 {[%emt 0:01:46]} cxd6 {[%emt 0:02:01]} 21. Qf4 {[%emt 0:02:47]} Rxe1+ {[%emt 0:06:12]} 22. Rxe1 {[%emt 0:00:08]} g6 {[%emt 0:00:04]} 23. Nb5 {[%emt 0:01:48]} Qd7 {[%emt 0:09:40]} 24. Nxd6 {[%emt 0:00:34]} b5 {[%emt 0:04:42]} 25. Re8+ {[%emt 0:08:10]} Kg7 {[%emt 0:00:11]} 26. Qe5+ {[%emt 0:01:00]} Kh6 {[%emt 0:01:00]} 27. Rd8 {[%emt 0:01:22]} Qa7 {[%emt 0:02:25]} 28. Nxf5+ {[%emt 0:02:49]} gxf5 {[%emt 0:00:07]} 29. Rd6+ {[%emt 0:01:01]} Rxd6 {[%emt 0:01:22]} 30. Qxd6+ {[%emt 0:00:07]} Kg5 {[%emt 0:00:27]} 31. h4+ {[%emt 0:00:59]} 1-0

[Event "7. Arber-Senioren-Cup 2019"]
[Site "Bodenmais"]
[Date "2019.07.29"]
[Round "3.2"]
[White "Lorenc, Tomas"]
[Black "Hilbig, Dieter"]
[Result "1-0"]
[WhiteElo "2158"]
[BlackElo "1943"]
[Annotator "NA"]
[PlyCount "37"]
[EventDate "2019.07.27"]
[EventType "swiss"]
[EventCountry "GER"]
[SourceTitle "playchess.com"]
[Source "ChessBase"]
[SourceQuality "1"]
[TimeControl "5400+30"]

1. c4 {[%emt 0:00:00]} c5 {[%emt 0:00:00]} 2. g3 {[%emt 0:00:00]} Nc6 {[%emt 0:00:00]} 3. Bg2 {[%emt 0:00:00]} Nf6 {[%emt 0:00:00]} 4. Nc3 {[%emt 0:00:00]} g6 {[%emt 0:00:00]} 5. Nf3 {[%emt 0:00:00]} Bg7 {[%emt 0:00:00]} 6. O-O {[%emt 0:00:00]} O-O {[%emt 0:00:00]} 7. d3 {[%emt 0:00:00]} a6 {[%emt 0:00:00]} 8. Be3 {[%emt 0:00:00]} b6 {[%emt 0:00:00]} 9. Rb1 {[%emt 0:00:00]} Bb7 {[%emt 0:00:00]} 10. a3 {[%emt 0:00:00]} d5 {[%emt 0:00:00]} 11. cxd5 {[%emt 0:00:00]} Nxd5 {[%emt 0:00:00]} 12. Nxd5 {[%emt 0:00:00]} Qxd5 {[%emt 0:00:00]} 13. b4 {[%emt 0:00:00]} Na7 {[%emt 0:00:00]} 14. bxc5 {[%emt 0:00:00]} Nb5 {[%emt 0:00:00]} 15. Qd2 {[%emt 0:03:50]} bxc5 {[%emt 0:00:00]} 16. Nh4 {[%emt 0:01:25]} Qd7 {[%emt 0:07:38]} 17. Bxb7 {[%emt 0:00:09]} Qxb7 {[%emt 0:00:07]} 18. a4 {[%emt 0:00:08]} Rfc8 {[%emt 0:03:02]} 19. Rfc1 {[%emt 0:00:51]} 1-0

[Event "7. Arber-Senioren-Cup 2019"]
[Site "Bodenmais"]
[Date "2019.07.29"]
[Round "3.3"]
[White "Kuempers, Ulrich"]
[Black "Koehler, Gerhard"]
[Result "1-0"]
[WhiteElo "2030"]
[BlackElo "2197"]
[Annotator "NA"]
[PlyCount "66"]
[EventDate "2019.07.27"]
[EventType "swiss"]
[EventCountry "GER"]
[SourceTitle "playchess.com"]
[Source "ChessBase"]
[SourceQuality "1"]
[TimeControl "5400+30"]

1. d4 {[%emt 0:00:00]} Nf6 {[%emt 0:00:00]} 2. c4 {[%emt 0:00:00]} d6 {[%emt 0:00:00]} 3. Nc3 {[%emt 0:00:00]} Nbd7 {[%emt 0:00:00]} 4. e4 {[%emt 0:00:00]} e5 {[%emt 0:00:00]} 5. d5 {[%emt 0:00:00]} Nc5 {[%emt 0:00:00]} 6. Bd3 {[%emt 0:00:00] A53: Old Indian Defence without Nf3} a5 {[%emt 0:00:00]} 7. Bc2 {[%emt 0:00:00]} Be7 {[%emt 0:00:00]} 8. h3 {[%emt 0:00:00]} O-O {[%emt 0:00:00]} 9. Be3 {[%emt 0:00:00]} Nfd7 {[%emt 0:00:00]} 10. Nf3 {[%emt 0:00:00]} Bf6 $146 {[%emt 0:00:00]} ({Predecessor:} 10... Re8 11. O-O Rb8 12. a3 Bf8 13. Qe2 c6 14. b4 {1-0 (28) Anastasian,A (2545)-Alfonsi,J (2100) Bastia 1999}) 11. b3 {[%emt 0:00:00]} g6 {[%emt 0:00:00]} 12. a3 {[%emt 0:00:00]} Bg7 {[%emt 0:00:00]} 13. b4 {[%emt 0:00:00]} axb4 {[%emt 0:00:00]} 14. axb4 {[%emt 0:00:00]} Rxa1 {[%emt 0:00:00]} 15. Qxa1 {[%emt 0:00:00]} Na6 {[%emt 0:00:00]} 16. Qb1 {[%emt 0:00:00]} Nf6 {[%emt 0:00:00]} 17. g4 {[%emt 0:00:00]} c5 {[%emt 0:00:00]} 18. bxc5 {[%emt 0:15:16]} Qa5 {[%emt 0:00:00]} 19. Qb2 {[%emt 0:19:33]} Nxc5 {[%emt 0:04:31]} 20. O-O {[%emt 0:01:04]} h5 {[%emt 0:03:35]} 21. g5 {[%emt 0:01:57]} Nh7 {[%emt 0:00:30]} 22. Kg2 {[%emt 0:29:33]} f6 23. h4 {[%emt 0:04:05]} Qd8 {[%emt 0:22:16]} 24. Qc1 {[%emt 0:00:30]} Qd7 {[%emt 0:01:30]} 25. Nh2 {[%emt 0:08:37]} Qh3+ {[%emt 0:01:57]} 26. Kh1 {[%emt 0:00:01]} Qxh4 {[%emt 0:05:22]} 27. gxf6 {[%emt 0:09:40]} Rxf6 {[%emt 0:05:35]} 28. f3 {[%emt 0:01:59]} g5 {[%emt 0:05:49]} 29. Nb5 $2 {[%emt 0:06:54]} (29. Bf2 $17 {is more resistant.} Qh3 30. Ne2) 29... Bf8 {[%emt 0:05:46]} 30. f4 {[%emt 0:01:32]} gxf4 {[%emt 0:10:38]} 31. Rg1+ $19 {[%emt 0:00:33]} (31. Bf2 Qh3 32. Rg1+ Kf7 33. Qf1) 31... Bg4 {[%emt 0:07:30]} 32. Bd2 {[%emt 0:00:54]} Kh8 {[%emt 0:01:40]} 33. Qf1 {[%emt 0:00:58]} f3 1-0

[Event "7. Arber-Senioren-Cup 2019"]
[Site "Bodenmais"]
[Date "2019.07.29"]
[Round "3.4"]
[White "Glaessl, Matthias"]
[Black "Berger, Siegfried"]
[Result "1-0"]
[WhiteElo "2148"]
[BlackElo "1548"]
[Annotator "NA"]
[PlyCount "69"]
[EventDate "2019.07.27"]
[EventType "swiss"]
[EventCountry "GER"]
[SourceTitle "playchess.com"]
[Source "ChessBase"]
[SourceQuality "1"]
[TimeControl "5400+30"]

1. e4 {[%emt 0:00:00]} e5 {[%emt 0:00:00]} 2. Nf3 {[%emt 0:00:00]} Nf6 {[%emt 0:00:00]} 3. Nxe5 {[%emt 0:00:00]} d6 {[%emt 0:00:00]} 4. Nf3 {[%emt 0:00:00]} Nxe4 {[%emt 0:00:00]} 5. Nc3 {[%emt 0:00:00]} Nxc3 {[%emt 0:00:00]} 6. dxc3 {[%emt 0:00:00]} Be7 {[%emt 0:00:00]} 7. Bd3 {[%emt 0:00:00]} O-O {[%emt 0:00:00]} 8. O-O {[%emt 0:00:00]} Nc6 {[%emt 0:00:00]} 9. h3 {[%emt 0:00:00]} Re8 {[%emt 0:00:00]} 10. Bf4 {[%emt 0:00:00]} Bf6 {[%emt 0:00:00]} 11. Re1 {[%emt 0:00:00]} a6 {[%emt 0:00:00]} 12. Qd2 {[%emt 0:00:00]} Ne5 {[%emt 0:00:00]} 13. Nxe5 {[%emt 0:00:00]} dxe5 {[%emt 0:00:00]} 14. Bxe5 {[%emt 0:00:00]} Be6 {[%emt 0:00:00]} 15. Qf4 {[%emt 0:00:00]} Bxe5 {[%emt 0:00:00]} 16. Rxe5 {[%emt 0:00:06]} Qd6 {[%emt 0:03:27]} 17. Qd4 {[%emt 0:11:09]} Rad8 {[%emt 0:06:28]} 18. Qxd6 {[%emt 0:00:31]} Rxd6 {[%emt 0:00:10]} 19. Rae1 {[%emt 0:01:05]} g6 {[%emt 0:05:58]} 20. f4 {[%emt 0:01:15]} f5 {[%emt 0:06:57]} 21. g4 {[%emt 0:04:39]} Kf8 {[%emt 0:08:14]} 22. gxf5 {[%emt 0:00:29]} Bf7 {[%emt 0:02:18]} 23. fxg6 {[%emt 0:03:08]} hxg6 {[%emt 0:01:07]} 24. Rxe8+ {[%emt 0:00:17]} Bxe8 {[%emt 0:00:18]} 25. Kf2 {[%emt 0:00:14]} Bc6 {[%emt 0:03:39]} 26. Re5 {[%emt 0:00:23]} Rf6 {[%emt 0:03:02]} 27. Kg3 {[%emt 0:00:30]} Bd7 {[%emt 0:03:47]} 28. h4 {[%emt 0:00:58]} Be8 {[%emt 0:04:15]} 29. f5 {[%emt 0:01:52]} b5 {[%emt 0:02:04]} 30. Kg4 {[%emt 0:02:17]} Bf7 {[%emt 0:02:30]} 31. fxg6 {[%emt 0:02:27]} Bxg6 {[%emt 0:02:14]} 32. h5 {[%emt 0:00:07]} Bxd3 {[%emt 0:05:14]} 33. cxd3 {[%emt 0:00:09]} Rf2 {[%emt 0:01:14]} 34. Rf5+ {[%emt 0:00:06]} Rxf5 {[%emt 0:00:32]} 35. Kxf5 {[%emt 0:00:01]} 1-0